000 00210 a2200097 4500
001 32632
100 _aKlir, Jiri
245 _aCybernetic modeling
260 _aLondon
_bIliffe books
_c
090 _c21845
_d21845
942 _aNUST-CAE
_cM
_c13164
999 _c267705
_d267705